000 01404nam a2200253Ia 4500
003 Ost
005 20260507075747.0
008 260507s9999||||xx |||||||||||||| ||und||
020 _a444709407
040 _cfsecg
041 _aara
082 _a330
100 _aسيمور، ليبشتر
_eمؤلف
245 0 _aنظريات ومسائل في الجبر الخطي /
_c ليبشتر سيمور
250 _aطبعة 5
260 _aالقاهرة:
_bالدار الدولية للنشروالتوزيع,
_c1999
300 _a414 صفحة؛
_bإيضاحات ؛
_c28 سم
490 _aسلسلة ملخصات شوم
520 _aالتجهات في الفراغ R الفراغ C -المعادلات الخطية- المصفوفات- الفراغات المتجهة والفراغات الجزئية- الاساس والبعد- التشكيلات( الرواسم) الخطية- المصفوفات والمؤثرات الخطية- المحددات- القيم الذاتية- المتجهات الذاتية - الصيغ القانونية - الإرتباط الدالي الخطي والفراغ الثنائي- الأشكال الثنائية- التربيعية والموافقة لنفسها- فراغات حاصل الضرب القياسي.
653 _aالجبر
653 _aالرياضيات
700 _aالوكيل، السيد
_eمؤلف ثانوي
942 _cكتاب
999 _c46196
_d46196